000 00673nam a2200217Ia 4500
005 20260430150823.0
008 008 250103s9999 xx 000 0 pun d
037 _aTheses
040 _aCRL
040 _bpun
040 _cpun
041 _2pun
041 _apun
084 _qCRL
100 _aਸਿੰਘ, ਰਜਿੰਦਰ, ਂਚ।
_9866053
245 0 _aਪੰਜਾਬੀ ਨਾਟਕ ਦਾ ਮਿਥ-ਵਿਿਗਆਨਕ ਅਧਿਐਨ
260 _c2021
700 _aਦਿੱਲੀ ਯੂਨੀਵਰਸਿਟੀHH ਆਰਟਸ ਖ਼ੈਕਲਟੀHH Hਪੰਜਾਬੀ ਵਿਭਾਗ
_91238377
942 _cTH
999 _c1850928
_d1850928